00932nam a22002655i 450000100060000000300090000600500170001500700030003200800410003502000180007604000220009408000110011610000510012724500710017826000310024930000280028049000400030850000120034850400310036065000550039183000480044685200330049499900170052795201220054410911ES-MaACL20250806052058.0t|920924s1992 sp ||||0| spa j a84-7754-096-9 aM-BN bspa cM-BN a616.971 aGarcía Pérez, Antonio, d1923-2002915790710aEnfermedades de transmisión sexual / cAntonio García Pérez. aMadrid : bEudema, c1992. a176 p : bil ; c21 cm.1 aEUDEMA universidad. Textos de apoyo aIndice. aBibliografía: [156]-164. 7aEnfermedades de transmisión sexual2embne9122600 aEUDEMA universidad. Textos de apoyo9178862 aES-MaACLjL-18287 bR.121864 c10911d10911 00104070aATENEOMbATENEOMcDEPO2d2008-01-17eSCl0oL-18287p1011129r2023-02-23 00:00:00w2023-02-23yMONOGRAFIA